Bedlam /

Bibliographic Details
Main Author: Leyshon, Nell
Format: Book
Language:English
Published: London : Oberon Books, 2010.
Series:Oberon modern plays.
Subjects:
Online Access:Publisher description
Contributor biographical information

MARC

Tag First Indicator Second Indicator Subfields
LEADER 00000cam a2200000Ia 4500
001 in00002714708
005 20151202142405.0
008 101008s2010 enk 000 d eng d
010 |a  2010674615 
020 |a 9781849430524 
020 |a 1849430527 
035 |a (OCoLC)ocn669755023 
040 |a BTCTA  |c BTCTA  |d CDX  |d YDX  |d DGU  |d BWX  |d UtOrBLW 
049 |a TXAM 
082 0 |a 822.92  |2 22 
090 |a PR6112.E96  |b B44 2010 
100 1 |a Leyshon, Nell. 
245 1 0 |a Bedlam /  |c Nell Leyshon. 
264 1 |a London :  |b Oberon Books,  |c 2010. 
300 |a 126 pages ;  |c 21 cm. 
336 |a text  |b txt  |2 rdacontent 
337 |a unmediated  |b n  |2 rdamedia 
338 |a volume  |b nc  |2 rdacarrier 
490 1 |a Oberon modern plays 
610 2 0 |a Bethlem Royal Hospital (London, England)  |v Drama. 
650 0 |a Psychiatric hospitals  |z England  |z London  |v Drama. 
830 0 |a Oberon modern plays. 
856 4 2 |3 Publisher description  |u http://catdir.loc.gov/catdir/enhancements/fy1107/2010674615-d.html  |t 0 
856 4 2 |3 Contributor biographical information  |u http://catdir.loc.gov/catdir/enhancements/fy1107/2010674615-b.html  |t 0 
945 |a PromptCat  |b 559721 
946 |a stk 
947 |a A14840452074 
948 |a cataloged  |b h  |c 2011/8/30  |d c  |e dmitchel  |f 1:44:26 pm 
994 |a 92  |b TXA 
999 |a MARS 
999 f f |s c25e239f-8e3d-33c4-8b50-4738489032a9  |i 3ffba149-6ddf-39b8-9c3f-ae3f5d154f9d  |t 0 
952 f f |p normal  |a Texas A&M University  |b College Station  |c Sterling C. Evans Library  |d Evans: Library Stacks  |t 0  |e PR6112.E96 B44 2010  |h Library of Congress classification  |i unmediated -- volume  |m A14840452074 
998 f f |a PR6112.E96 B44 2010  |t 0  |l Evans: Library Stacks